Countries with Free University - Statistics

General Stats
  • This quiz has been taken 24 times
  • The average score is 14 of 18
Answer Stats
Answer % Correct
Sweden
100%
Denmark
96%
Norway
96%
Finland
92%
Germany
92%
Iceland
92%
Austria
88%
Spain
88%
Czech Republic
79%
Greece
79%
Poland
75%
Slovenia
75%
Argentina
71%
Brazil
71%
Uruguay
63%
Egypt
58%
Panama
46%
Scotland
29%
No matching quizzes found
Score Distribution
Percent of People with Each Score
Percentile by Number Answered
Your Score History
You have not taken this quiz